| 000 | 00772nam a22002297a 4500 | ||
|---|---|---|---|
| 999 |
_c2582 _d2582 |
||
| 003 | AR-CdUCM | ||
| 008 | 190305b ||||| |||| 00| 0 spa d | ||
| 040 |
_aMUNICIPALIDAD PROVINCIAL DEL CUSCO _cBIBLIOTECA MUNICIPAL DEL CUSCO |
||
| 082 |
_22ed. _a869.508 / _bE1 |
||
| 100 |
_aMostajo, Francisco _97701 |
||
| 245 | _aPliegos al viento / | ||
| 260 |
_aArequipa : _bEdiciones populibro, _c1958. |
||
| 300 |
_a181 Paginas _c16 cm. |
||
| 440 |
_n1 _99124 |
||
| 505 | _aContenido: composición -- La plegaria de las 10 de la noche -- Cielo, Infierno y Purgatorio -- Almas distantes -- Cena de bohemios... | ||
| 650 |
_aNovela Arequipa _99125 |
||
| 650 |
_aCadalso _99126 |
||
| 650 |
_aSilueta _99127 |
||
| 650 |
_aMisia Pituca _99128 |
||
| 942 |
_2ddc _cLIBROS |
||
| 945 | _adavv | ||